000 00493nam a2200157 4500
001 109746
003 ES-MaACL
005 20230906184913.0
007 t|
008 061121s1971 sp r ||||1| spa d
100 1 _aMuñiz, Isabel.
_984263
245 1 3 _aLa leyenda de los Sietes infantes de Lara
_b: ( según la Crónica General de España) /
_cIsabel Muñiz.
260 _aBurgos :
_bEl Monte de Carmelo,
_c1971.
300 _aIV, 198 p. ;
_c22 cm.
852 _aES-MaACL
_jC-40932
_bR.79573
999 _c109746
_d109746